000 00641nam a22001937a 4500
005 20251108175701.0
008 250721s2019 xx 000 0 ara d
082 1 4 _a811.2009/نوا
100 1 _aنواصرة، راضي محمد
245 1 0 _aالشعراء اليهود في المدينة المنورة في صدر الإسلام /
264 1 _aعمان :
_bدار يافا العلمية للنشر و التوزيع،
_c2019.
300 _a318ص.
650 1 7 _aالشعر العربي
650 1 7 _aالشعراء
650 1 7 _aعصر صدر الاسلام
650 1 7 _aاليهود
942 _2ddc
_cBK
999 _c139912
_d139912